[Event "7MCR_4D_1L_2S"]
[Site "?"]
[Date "2006.??.??"]
[Round "?"]
[White "Splichal, Stanislav"]
[Black "Dedina, Miroslav"]
[Result "1/2-1/2"]
[WhiteElo "2258"]
[BlackElo "2302"]
[PlyCount "86"]
[EventDate "2006.??.??"]
[EventType "corr"]

1. d4 Nf6 2. c4 g6 3. Nf3 Bg7 4. g3 c6 5. Bg2 O-O 6. Nc3 d5 7. cxd5 cxd5 8. Ne5
Nc6 9. O-O Bf5 10. Nxc6 bxc6 11. Bf4 Nd7 12. Na4 Qa5 13. b3 Rac8 14. Rc1 Rfe8
15. h3 h5 16. Re1 e5 17. dxe5 Bxe5 18. Bxe5 Nxe5 19. a3 Rb8 20. Rc3 Re7 21. b4
Qd8 22. Qd4 a5 23. Rd1 axb4 24. axb4 Qc8 25. Qh4 Reb7 26. Rxd5 Rxb4 27. Rd4 Qf8
28. Nc5 Rb1+ 29. Kh2 R1b2 30. Ne4 Rxe2 31. Nf6+ Kg7 32. Qg5 Qh8 33. Rh4 Nd7 34.
Nxh5+ Kg8 35. Rb3 Rxb3 36. Qd8+ Re8 37. Qxe8+ Nf8 38. Nf4 Qb2 39. Ne2 Be6 40.
Nd4 Rb8 41. Qxc6 g5 42. Re4 Qxf2 43. Nxe6 Nxe6 1/2-1/2

[Event "7MCR_4D_1L_2S"]
[Site "?"]
[Date "2006.??.??"]
[Round "?"]
[White "Splichal, Stanislav"]
[Black "Kuta, Miroslav"]
[Result "1/2-1/2"]
[WhiteElo "2258"]
[BlackElo "2248"]
[PlyCount "61"]
[EventDate "2006.??.??"]
[EventType "corr"]

1. d4 d5 2. c4 e6 3. Nf3 Nf6 4. g3 Be7 5. Bg2 O-O 6. O-O dxc4 7. Qc2 a6 8. Qxc4
b5 9. Qc2 Bb7 10. Bd2 Be4 11. Qc1 Nbd7 12. Ba5 Rc8 13. Nbd2 Ba8 14. Qc2 Qe8 15.
b4 Nd5 16. a3 f5 17. Rae1 Qh5 18. Qb3 Kh8 19. e4 fxe4 20. Nxe4 N5f6 21. Nfd2
Bd5 22. Qd1 Qg6 23. f4 Nxe4 24. Bxe4 Bxe4 25. Rxe4 Bd6 26. Qb1 Rce8 27. Nf3 Nf6
28. Ree1 Qf5 29. Rc1 Nd5 30. Qxf5 exf5 31. Ne5 1/2-1/2

[Event "7MCR_4D_1L_2S"]
[Site "?"]
[Date "2006.??.??"]
[Round "?"]
[White "Splichal, Stanislav"]
[Black "Nyvlt, Zdenek"]
[Result "1/2-1/2"]
[WhiteElo "2258"]
[BlackElo "2302"]
[PlyCount "90"]
[EventDate "2006.??.??"]
[EventType "corr"]

1. d4 Nf6 2. c4 c5 3. Nf3 cxd4 4. Nxd4 e5 5. Nb5 d5 6. cxd5 Bc5 7. N5c3 O-O 8.
e3 e4 9. Be2 Qe7 10. a3 Rd8 11. Nd2 Nxd5 12. Nxd5 Rxd5 13. b4 Bb6 14. Bb2 Nc6
15. Qb3 Rg5 16. Qc2 f5 17. g3 Be6 18. h4 Rg6 19. g4 fxg4 20. h5 Rg5 21. Qxe4
Rd8 22. Bd3 Rf5 23. h6 g6 24. Bc4 Bxc4 25. Qxc4+ Kf8 26. Bg7+ Ke8 27. O-O-O Qf7
28. Qxf7+ Rxf7 29. Ne4 Rxf2 30. Rxd8+ Nxd8 31. Nxf2 Bxe3+ 32. Kd1 Bxf2 33. Ke2
Bb6 34. Rh4 g3 35. Kf3 Bc7 36. Bc3 Nf7 37. Be1 Bd8 38. Rh1 Bg5 39. Bxg3 Bxh6
40. Ke4 Bf8 41. Rc1 Nd6+ 42. Kd5 Kd7 43. Rh1 h5 44. Bxd6 Bxd6 45. Rg1 a5
1/2-1/2

[Event "7MCR_4D_1L_2S"]
[Site "?"]
[Date "2006.??.??"]
[Round "?"]
[White "Splichal, Stanislav"]
[Black "Tkac, Leopold"]
[Result "1/2-1/2"]
[WhiteElo "2258"]
[BlackElo "2122"]
[PlyCount "87"]
[EventDate "2006.??.??"]
[EventType "corr"]

1. d4 d5 2. c4 c6 3. Nf3 dxc4 4. e4 b5 5. a4 e6 6. b3 Bb4+ 7. Bd2 Bxd2+ 8. Qxd2
Nf6 9. axb5 cxb3 10. Nc3 O-O 11. Bd3 Bb7 12. O-O cxb5 13. e5 Nh5 14. Qe3 b4 15.
Na4 g6 16. Nd2 Bd5 17. Be4 Nc6 18. Nxb3 Ng7 19. Rfc1 Ne7 20. Nac5 a5 21. Qd3
Ngf5 22. Rd1 Bxe4 23. Nxe4 Nd5 24. Ra4 Kg7 25. Rda1 Qh4 26. Rxa5 Rxa5 27. Rxa5
Qg4 28. g3 Nf4 29. f3 Qxg3+ 30. hxg3 Nxd3 31. Ra7 Rc8 32. Nbc5 Nxc5 33. dxc5
Nd4 34. Ng5 Nxf3+ 35. Nxf3 Rxc5 36. Rb7 h5 37. Rxb4 g5 38. Re4 f6 39. Re2 Rc3
40. Kg2 Kg6 41. exf6 Kxf6 42. Ne5 Ke7 43. Rf2 h4 44. gxh4 1/2-1/2

[Event "7MCR_4D_1L_2S"]
[Site "?"]
[Date "2006.??.??"]
[Round "?"]
[White "Splichal, Stanislav"]
[Black "Toman, Antonin"]
[Result "1-0"]
[WhiteElo "2258"]
[BlackElo "2248"]
[PlyCount "59"]
[EventDate "2006.??.??"]
[EventType "corr"]

1. d4 d5 2. c4 e6 3. Nf3 Nf6 4. g3 dxc4 5. Bg2 a6 6. O-O Nc6 7. Nc3 Rb8 8. e4
b5 9. d5 Nb4 10. b3 cxb3 11. Nd4 c5 12. dxc6 e5 13. Nd5 Nbxd5 14. exd5 bxa2 15.
Re1 Bd6 16. Bf4 O-O 17. Bxe5 Bxe5 18. Rxe5 Qd6 19. Qe1 a5 20. Rxa2 a4 21. Nc2
Bg4 22. h3 Bh5 23. Rxh5 Nxh5 24. Qb4 Qe5 25. Nd4 Nf6 26. Re2 Qg5 27. d6 Ne8 28.
Kh2 Qd8 29. Nf5 Nxd6 30. Nxd6 1-0

[Event "7MCR_4D_1L_2S"]
[Site "?"]
[Date "2006.??.??"]
[Round "?"]
[White "Tkac, Leopold"]
[Black "Dedina, Miroslav"]
[Result "1/2-1/2"]
[WhiteElo "2122"]
[BlackElo "2302"]
[PlyCount "57"]
[EventDate "2006.??.??"]
[EventType "corr"]

1. e4 e6 2. Nf3 d5 3. exd5 exd5 4. d4 Bd6 5. c4 Nf6 6. Nc3 O-O 7. c5 Re8+ 8.
Be2 Bf8 9. O-O Bg4 10. Bg5 c6 11. Re1 Nbd7 12. Ne5 Bxe2 13. Rxe2 Qc7 14. f4 b5
15. a3 a5 16. Bxf6 Nxf6 17. Qd3 b4 18. Na4 Rab8 19. Nb6 bxa3 20. bxa3 Ne4 21.
Nbd7 Rb7 22. Rae1 Re7 23. Nxf8 Kxf8 24. Qa6 f6 25. Nxc6 Re6 26. Rxe4 dxe4 27.
d5 Re8 28. d6 Qc8 29. Kf1 1/2-1/2

[Event "7MCR_4D_1L_2S"]
[Site "?"]
[Date "2006.??.??"]
[Round "?"]
[White "Tkac, Leopold"]
[Black "Hladecek, Miloslav"]
[Result "0-1"]
[WhiteElo "2122"]
[BlackElo "2281"]
[PlyCount "94"]
[EventDate "2006.??.??"]
[EventType "corr"]

1. d4 Nf6 2. Nf3 d5 3. Nc3 Bf5 4. Bf4 e6 5. e3 Bd6 6. Bxd6 cxd6 7. Bd3 Bg4 8.
h3 Bh5 9. Ne2 Qb6 10. c3 Bg6 11. O-O Bxd3 12. Qxd3 O-O 13. Rab1 Nc6 14. Ng3 Ne7
15. Rfe1 Rac8 16. e4 Ng6 17. e5 Nd7 18. exd6 Qxd6 19. Nh5 a6 20. Re2 b5 21.
Rbe1 b4 22. cxb4 Qxb4 23. a3 Qa4 24. b4 Qb5 25. Qe3 Nb6 26. Ra2 Nc4 27. Qe2 Rc7
28. Rc2 a5 29. Rb1 Qb6 30. Ra2 Ra8 31. Qe1 axb4 32. Rxb4 Qd6 33. a4 Rac8 34.
Rb1 Na3 35. Rd1 Ra8 36. a5 Rca7 37. Qc3 Rxa5 38. Rda1 f6 39. Ne1 Kf7 40. Ng3
R5a6 41. Qc5 Qxc5 42. dxc5 R6a7 43. Nd3 Nb5 44. Rxa7+ Rxa7 45. Rxa7+ Nxa7 46.
Kf1 Ne7 47. Nb4 e5 0-1

[Event "7MCR_4D_1L_2S"]
[Site "?"]
[Date "2006.??.??"]
[Round "?"]
[White "Tkac, Leopold"]
[Black "Jirku, Jaroslav"]
[Result "1/2-1/2"]
[WhiteElo "2122"]
[BlackElo "2292"]
[PlyCount "87"]
[EventDate "2006.??.??"]
[EventType "corr"]

1. e4 e5 2. Nf3 Nc6 3. Bc4 Nf6 4. Ng5 d5 5. exd5 Na5 6. Bb5+ c6 7. dxc6 bxc6 8.
Qf3 Rb8 9. Bd3 h6 10. Ne4 Nd5 11. b3 Nf4 12. O-O f5 13. Ng3 g6 14. Re1 Nxd3 15.
Qxd3 Qxd3 16. cxd3 c5 17. Na3 Nc6 18. Bb2 Bg7 19. Rac1 O-O 20. Rxc5 Nb4 21.
Bxe5 Bxe5 22. Rexe5 Nxd3 23. Rb5 Rxb5 24. Rxb5 Re8 25. f3 a6 26. Rb6 Re1+ 27.
Nf1 Re6 28. Rb8 Rc6 29. Nc4 Kg7 30. Nfe3 Be6 31. Rd8 Nc1 32. d4 f4 33. d5 Rc8
34. Rd6 fxe3 35. Rxe6 e2 36. d6 Rc5 37. g3 Rd5 38. Kf2 Kf7 39. Re3 Kf6 40. Rxe2
Nxe2 41. Kxe2 Ke6 42. h4 Rd4 43. g4 g5 44. h5 1/2-1/2

[Event "7MCR_4D_1L_2S"]
[Site "?"]
[Date "2006.??.??"]
[Round "?"]
[White "Tkac, Leopold"]
[Black "Mikoska, Josef"]
[Result "0-1"]
[WhiteElo "2122"]
[BlackElo "2149"]
[PlyCount "50"]
[EventDate "2006.??.??"]
[EventType "corr"]

1. e4 e5 2. Nf3 Nc6 3. Bc4 Nf6 4. Ng5 d5 5. exd5 Na5 6. Bb5+ c6 7. dxc6 bxc6 8.
Qf3 h6 9. Ne4 Nd5 10. Be2 Be7 11. d3 O-O 12. O-O f5 13. Nec3 Be6 14. a3 Bd6 15.
Bd2 Nb7 16. b4 Qd7 17. Re1 Nf6 18. h3 a5 19. bxa5 Rxa5 20. Qg3 Bc7 21. Qh4 Nd6
22. Qg3 f4 23. Qh2 Nf5 24. a4 Bb6 25. Ne4 Nxe4 0-1

[Event "7MCR_4D_1L_2S"]
[Site "?"]
[Date "2006.??.??"]
[Round "?"]
[White "Tkac, Leopold"]
[Black "Nyvlt, Zdenek"]
[Result "0-1"]
[WhiteElo "2122"]
[BlackElo "2302"]
[PlyCount "146"]
[EventDate "2006.??.??"]
[EventType "corr"]

1. e4 d6 2. Nc3 Nf6 3. d4 g6 4. Nf3 Bg7 5. Be2 O-O 6. Bg5 h6 7. Be3 c6 8. O-O
Nbd7 9. Qd2 Kh7 10. h3 Qc7 11. a4 b6 12. Rfd1 Bb7 13. Bf4 Rad8 14. Qe3 e5 15.
Bg3 Rfe8 16. dxe5 Nxe5 17. Nxe5 dxe5 18. a5 Bf8 19. Na4 bxa5 20. f3 Nh5 21. Bf2
Nf4 22. Bf1 Rxd1 23. Rxd1 Ra8 24. g3 Ne6 25. Bc4 Bc8 26. Kg2 Be7 27. Qd3 Rb8
28. b3 h5 29. h4 Kg7 30. c3 c5 31. Qe3 Bd7 32. Qd3 Nf8 33. Be3 a6 34. Qd5 Be8
35. Nxc5 Rd8 36. Nxa6 Rxd5 37. Nxc7 Rxd1 38. Nxe8+ Kg8 39. Nc7 Nd7 40. Nd5 Bc5
41. Bh6 Rb1 42. g4 Rb2+ 43. Kh3 hxg4+ 44. Kxg4 Bg1 45. Kh3 Bf2 46. Bc1 Rc2 47.
Bh6 Be1 48. Bb5 Nc5 49. b4 axb4 50. cxb4 Bxb4 51. Nf6+ Kh8 52. Ng4 Rc3 53. Kg2
Kh7 54. Bg5 Ne6 55. Be8 Kg8 56. Nxe5 Kg7 57. Ng4 Nxg5 58. hxg5 Rc5 59. Bd7 Bd2
60. e5 Bxg5 61. e6 Rc7 62. Kg3 Kf8 63. Bb5 fxe6 64. Bd3 Rg7 65. Ne5 Bd2 66. Kh4
g5+ 67. Kg4 Ke7 68. Be4 Kf6 69. Nd3 Be3 70. Kg3 Ra7 71. Kg2 Ra1 72. Kh3 Rg1 73.
Kh2 Bb6 0-1

[Event "7MCR_4D_1L_2S"]
[Site "?"]
[Date "2006.??.??"]
[Round "?"]
[White "Tkac, Leopold"]
[Black "Toman, Antonin"]
[Result "0-1"]
[WhiteElo "2122"]
[BlackElo "2248"]
[PlyCount "66"]
[EventDate "2006.??.??"]
[EventType "corr"]

1. e4 e5 2. Nf3 Nc6 3. Bb5 a6 4. Bxc6 dxc6 5. O-O Qd6 6. d4 exd4 7. Qxd4 Qxd4
8. Nxd4 Bd7 9. Nc3 O-O-O 10. Bg5 f6 11. Be3 c5 12. Nde2 Bd6 13. Rad1 Ne7 14.
Bf4 Bxf4 15. Nxf4 Nc6 16. f3 b6 17. Rd2 Rhf8 18. Nfd5 Be6 19. Rfd1 f5 20. exf5
Bxf5 21. Kf2 Be6 22. Ne3 Rde8 23. Re1 Kb7 24. h4 h6 25. a3 g6 26. Ne4 a5 27.
Nd5 Bxd5 28. Rxd5 Nd4 29. c4 Kc8 30. h5 g5 31. Re3 g4 32. Kg3 gxf3 33. gxf3
Rg8+ 0-1

[Event "7MCR_4D_1L_2S"]
[Site "?"]
[Date "2006.??.??"]
[Round "?"]
[White "Tkac, Leopold"]
[Black "Vosahlik, Jiri"]
[Result "1/2-1/2"]
[WhiteElo "2122"]
[BlackElo "2328"]
[PlyCount "59"]
[EventDate "2006.??.??"]
[EventType "corr"]

1. e4 c5 2. Nf3 Nc6 3. d4 cxd4 4. Nxd4 Nf6 5. Nc3 d6 6. Bb5 Bd7 7. Bg5 Qb6 8.
Be3 Ng4 9. Nd5 Nxe3 10. fxe3 Qa5+ 11. b4 Qd8 12. O-O g6 13. Qf3 Ne5 14. Qg3 Bg7
15. Rad1 e6 16. Bxd7+ Qxd7 17. Nf6+ Bxf6 18. Rxf6 O-O 19. Rdf1 Rae8 20. a3 Qc8
21. Qh3 a6 22. Nf3 Qxc2 23. Nxe5 dxe5 24. Qf3 Re7 25. h4 Qc8 26. h5 Rc7 27.
hxg6 hxg6 28. Qg3 b5 29. Qg5 Rc1 30. Rxg6+ 1/2-1/2

[Event "7MCR_4D_1L_2S"]
[Site "?"]
[Date "2006.??.??"]
[Round "?"]
[White "Toman, Antonin"]
[Black "Hladecek, Miloslav"]
[Result "0-1"]
[WhiteElo "2248"]
[BlackElo "2281"]
[PlyCount "56"]
[EventDate "2006.??.??"]
[EventType "corr"]

1. e4 e6 2. d4 d5 3. Nd2 c5 4. Ngf3 Nf6 5. e5 Nfd7 6. c4 Nc6 7. cxd5 exd5 8.
Bb5 Qb6 9. Qe2 Be7 10. O-O O-O 11. Bd3 cxd4 12. Nb3 f6 13. exf6 Nxf6 14. Ng5 a5
15. Bf4 a4 16. Nc1 Bg4 17. f3 Ne4 18. Nxe4 Rxf4 19. fxg4 Rxe4 20. Qc2 Ne5 21.
Kh1 Qc6 22. Qd1 Qd6 23. Bxe4 dxe4 24. Rf4 d3 25. Ne2 d2 26. Nc3 e3 27. Rf1 Qd3
28. g5 Ba3 0-1

[Event "7MCR_4D_1L_2S"]
[Site "?"]
[Date "2006.??.??"]
[Round "?"]
[White "Toman, Antonin"]
[Black "Jandovsky, Viktor"]
[Result "1/2-1/2"]
[WhiteElo "2248"]
[BlackElo "2268"]
[PlyCount "96"]
[EventDate "2006.??.??"]
[EventType "corr"]

1. e4 e5 2. Nf3 Nc6 3. Bb5 Nf6 4. O-O Nxe4 5. Bxc6 dxc6 6. Nxe5 Be6 7. d4 Be7
8. Re1 Nd6 9. Bf4 O-O 10. c3 Re8 11. Nd2 a5 12. Nd3 Bf8 13. Bg3 Nf5 14. Nf4 Bd7
15. Qh5 c5 16. dxc5 g6 17. Rxe8 Qxe8 18. Qg4 Nxg3 19. Qxg3 Qe5 20. Nc4 Qxc5 21.
Ne3 c6 22. Rd1 Qe7 23. Ne2 Be6 24. a3 Rd8 25. Nd4 Bc8 26. Re1 Re8 27. h3 Qd8
28. a4 Bd6 29. Qf3 Bc7 30. Rd1 Qh4 31. Rd3 Qg5 32. b3 Kg7 33. Qd1 Qf4 34. Nf1
Qf6 35. Rf3 Qg5 36. Re3 Rd8 37. Qe1 c5 38. Nf3 Qf6 39. c4 b6 40. Ne5 h5 41. Nd3
Bb7 42. Nh2 Rd4 43. Qe2 Qd6 44. Nf1 Bd8 45. Ne1 Bf6 46. Rd3 Bc6 47. Rxd4 Qxd4
48. Nf3 Qa1 1/2-1/2

[Event "7MCR_4D_1L_2S"]
[Site "?"]
[Date "2006.??.??"]
[Round "?"]
[White "Toman, Antonin"]
[Black "Jirku, Jaroslav"]
[Result "1/2-1/2"]
[WhiteElo "2248"]
[BlackElo "2292"]
[PlyCount "121"]
[EventDate "2006.??.??"]
[EventType "corr"]

1. e4 e5 2. Nf3 Nf6 3. Nxe5 d6 4. Nf3 Nxe4 5. d4 d5 6. Bd3 Be7 7. O-O Nc6 8. c4
Nb4 9. Be2 O-O 10. a3 Nc6 11. Nc3 Nxc3 12. bxc3 Bf5 13. Re1 dxc4 14. Bxc4 Bd6
15. Ng5 Qd7 16. Ra2 Bg6 17. Rae2 Rae8 18. Ne4 Rxe4 19. Rxe4 Bxe4 20. Rxe4 Re8
21. f3 Na5 22. Bd3 c5 23. Rxe8+ Qxe8 24. Qe2 Qc8 25. Qc2 g6 26. g3 b5 27. a4
cxd4 28. cxd4 Qxc2 29. Bxc2 a6 30. axb5 axb5 31. Kf2 f5 32. h4 Nc6 33. Bb3+ Kg7
34. Bb2 Na5 35. Be6 Kf6 36. Bd5 h6 37. Bc3 Nc4 38. Be1 Nb6 39. Bg8 f4 40. g4
Nc4 41. Ke2 Kg7 42. Bd5 Kf6 43. Kd3 Ne3 44. Bc6 b4 45. Ba4 Ng2 46. Bf2 g5 47.
h5 Ke6 48. Bb3+ Kf6 49. Ke4 Be7 50. Kd5 Nh4 51. Bd1 Bf8 52. Kc6 b3 53. Bxb3
Nxf3 54. Bd1 Nh2 55. Kd5 Bb4 56. Ke4 Nf1 57. d5 Ne3 58. Bf3 Bc3 59. Kd3 Ba5 60.
Bxe3 fxe3 61. Kxe3 1/2-1/2

[Event "7MCR_4D_1L_2S"]
[Site "?"]
[Date "2006.??.??"]
[Round "?"]
[White "Toman, Antonin"]
[Black "Mikoska, Josef"]
[Result "0-1"]
[WhiteElo "2248"]
[BlackElo "2149"]
[PlyCount "100"]
[EventDate "2006.??.??"]
[EventType "corr"]

1. e4 e5 2. Nf3 Nc6 3. Bb5 a6 4. Ba4 Nf6 5. O-O Bc5 6. c3 b5 7. Bc2 d5 8. d4
dxe4 9. Nxe5 Nxe5 10. dxe5 Qxd1 11. Rxd1 Ng4 12. Bxe4 Nxf2 13. Bc6+ Ke7 14. Rd5
Bb6 15. Bxa8 Nd3+ 16. Kf1 Nxc1 17. Na3 Be6 18. Rxc1 Rxa8 19. Rd3 Bf5 20. Rdd1
Be3 21. Ra1 h5 22. h3 g5 23. Ke2 Bf4 24. Kf3 Bxe5 25. Rd2 g4+ 26. hxg4 hxg4+
27. Kf2 g3+ 28. Kf3 Bc8 29. Nc2 Bb7+ 30. Ke3 Re8 31. Re2 Kf8 32. Kd3 c5 33. Ne1
f5 34. Nf3 c4+ 35. Kc2 Be4+ 36. Kd1 Bf4 37. a4 Rd8+ 38. Ke1 Kf7 39. axb5 Bxf3
40. gxf3 Rh8 41. Kd1 g2 42. Kc2 Rh1 43. Ree1 Rxe1 44. Rxe1 Be3 45. bxa6 g1=Q
46. Rxg1 Bxg1 47. b4 Ke6 48. Kb2 Kd5 49. Ka3 Kc6 50. Ka4 Ba7 0-1

[Event "7MCR_4D_1L_2S"]
[Site "?"]
[Date "2006.??.??"]
[Round "?"]
[White "Toman, Antonin"]
[Black "Postl, Rostislav"]
[Result "1-0"]
[WhiteElo "2248"]
[BlackElo "2319"]
[PlyCount "81"]
[EventDate "2006.??.??"]
[EventType "corr"]

1. e4 e5 2. Nc3 Nf6 3. f4 d5 4. fxe5 Nxe4 5. Nf3 Bg4 6. Qe2 Nxc3 7. dxc3 Nc6 8.
Bf4 Qd7 9. O-O-O Be7 10. h3 Be6 11. Qf2 O-O 12. Qg3 Kh8 13. Kb1 a5 14. Bd3 a4
15. Rhf1 a3 16. b3 Rfe8 17. Ng5 Bxg5 18. Bxg5 Ne7 19. h4 c6 20. h5 Nf5 21. Qf2
Kg8 22. Bxf5 Bxf5 23. Qxf5 Qxf5 24. Rxf5 g6 25. hxg6 fxg6 26. Rf2 Rxe5 27. Bc1
Re7 28. Bh6 Rae8 29. Kc1 Rf7 30. Rdf1 Ree7 31. Kd2 Rxf2+ 32. Rxf2 Rf7 33. Rxf7
Kxf7 34. Kd3 Kf6 35. Kd4 g5 36. g4 b6 37. c4 dxc4 38. Kxc4 Kg6 39. Bf8 h5 40.
gxh5+ Kxh5 41. Bxa3 1-0

[Event "7MCR_4D_1L_2S"]
[Site "?"]
[Date "2006.??.??"]
[Round "?"]
[White "Toman, Antonin"]
[Black "Pravec, Ladislav"]
[Result "0-1"]
[WhiteElo "2248"]
[BlackElo "2401"]
[PlyCount "128"]
[EventDate "2006.??.??"]
[EventType "corr"]

1. e4 c5 2. b3 Nc6 3. Bb2 e5 4. Bc4 d6 5. Nc3 Nf6 6. d3 Be7 7. Nge2 a6 8. a4
Nd4 9. O-O O-O 10. f4 Bg4 11. Qd2 b6 12. Ng3 Be6 13. f5 Bc8 14. Nd5 Rb8 15. c3
Nc6 16. Nxf6+ Bxf6 17. Nh5 b5 18. axb5 axb5 19. Bd5 Bg5 20. Qe1 Ne7 21. f6 gxf6
22. Qg3 Ng6 23. Ra7 Kh8 24. Kh1 Qb6 25. Rxf7 Qd8 26. Ra7 Bd7 27. d4 cxd4 28.
cxd4 Rc8 29. Rfa1 Rc2 30. Ba3 Qe7 31. dxe5 fxe5 32. Bxd6 Bc1 33. Qe1 Qg5 34.
Qg1 Rd8 35. Qf1 Bb2 36. R7a2 Rdc8 37. Re1 Bg4 38. Qf6+ Qxf6 39. Nxf6 Rc1 40.
Bb4 Rxe1+ 41. Bxe1 Rc1 42. Kg1 Rxe1+ 43. Kf2 Rb1 44. Nxg4 Bd4+ 45. Kg3 Ne7 46.
Kh4 Kg7 47. Kg5 Rb2 48. Ra8 Rxg2 49. Rb8 Nxd5 50. exd5 e4 51. d6 e3 52. d7 Bf6+
53. Kf4 e2 54. Re8 Bd8 55. Kf3 e1=N+ 56. Rxe1 Rd2 57. Re5 b4 58. Rb5 Rxd7 59.
Rxb4 Rd3+ 60. Ke2 Rc3 61. Nf2 Kg6 62. Rb5 Rc2+ 63. Kf3 Bh4 64. Rb7 Rxf2+ 0-1

[Event "7MCR_4D_1L_2S"]
[Site "?"]
[Date "2006.??.??"]
[Round "?"]
[White "Toman, Antonin"]
[Black "Vosahlik, Jiri"]
[Result "0-1"]
[WhiteElo "2248"]
[BlackElo "2328"]
[PlyCount "72"]
[EventDate "2006.??.??"]
[EventType "corr"]

1. e4 c5 2. b3 Nc6 3. Bb2 a6 4. f4 e6 5. g3 d5 6. Bg2 dxe4 7. Nc3 f5 8. d3 exd3
9. Bxc6+ bxc6 10. cxd3 Nf6 11. Nf3 Bd6 12. O-O O-O 13. Na4 c4 14. dxc4 Ne4 15.
Be5 Ba3 16. Qxd8 Rxd8 17. Nd4 Bd7 18. Nb6 Ra7 19. Nxd7 Raxd7 20. Nxc6 Rc8 21.
Nb8 Bc5+ 22. Kh1 Rd2 23. Nxa6 Be3 24. Nc7 Kf7 25. Rf3 Nf2+ 26. Rxf2 Bxf2 27.
Nb5 Rcd8 28. a4 h5 29. b4 h4 30. gxh4 Rh8 31. Ra3 Rxh4 32. Nd6+ Ke7 33. c5 Rg4
34. Ra1 Rc2 35. Nb5 Ra2 36. Rb1 Be3 0-1

[Event "7MCR_4D_1L_2S"]
[Site "?"]
[Date "2006.??.??"]
[Round "?"]
[White "Vosahlik, Jiri"]
[Black "Batka, Josef"]
[Result "1-0"]
[WhiteElo "2328"]
[BlackElo "2260"]
[PlyCount "99"]
[EventDate "2006.??.??"]
[EventType "corr"]

1. e4 c5 2. Nf3 Nc6 3. d4 cxd4 4. Nxd4 e5 5. Nb5 d6 6. c4 Be6 7. N1c3 a6 8. Na3
Be7 9. Bd3 Bg5 10. Nc2 Bxc1 11. Rxc1 Qg5 12. O-O Nge7 13. Nd5 O-O 14. Qf3 Ng6
15. Qe3 Nf4 16. g3 Bh3 17. Rfd1 f5 18. Nxf4 exf4 19. Qxf4 Qxf4 20. gxf4 fxe4
21. Bxe4 Rxf4 22. f3 Rf6 23. Ne3 Raf8 24. Ng4 Bxg4 25. fxg4 h6 26. Rc3 Rf4 27.
Bd5+ Kh7 28. h3 Re8 29. Rb3 Re2 30. Rb6 Ne5 31. Rf1 Rd4 32. Rxd6 Rd3 33. Rf2
Rd1+ 34. Kg2 Nxc4 35. Rxe2 Nxd6 36. Bb3 Rd4 37. Kf3 Rd3+ 38. Kf4 g5+ 39. Ke5
Kg7 40. Rf2 b5 41. Ke6 Nc4 42. Rf7+ Kg8 43. Bc2 Rd6+ 44. Ke7 Rc6 45. Rf6 Rc7+
46. Kd8 Rc5 47. b4 Rd5+ 48. Kc7 a5 49. Bf5 Rd2 50. bxa5 1-0

[Event "7MCR_4D_1L_2S"]
[Site "?"]
[Date "2006.??.??"]
[Round "?"]
[White "Vosahlik, Jiri"]
[Black "Hladecek, Miloslav"]
[Result "1-0"]
[WhiteElo "2328"]
[BlackElo "2281"]
[PlyCount "117"]
[EventDate "2006.??.??"]
[EventType "corr"]

1. e4 e6 2. d4 d5 3. Nd2 c5 4. exd5 Qxd5 5. Ngf3 cxd4 6. Bc4 Qh5 7. O-O Nc6 8.
Nb3 Bd7 9. Nbxd4 Nxd4 10. Qxd4 Bc6 11. Qe5 Nf6 12. Qxh5 Nxh5 13. Ne5 Bd6 14.
Nxc6 bxc6 15. Be2 Nf6 16. Bf3 Kd7 17. Bd2 a5 18. Rad1 Kc7 19. Bc3 Rhg8 20. Rfe1
a4 21. Re2 Nd5 22. Bd4 Rae8 23. b3 e5 24. Ba1 f6 25. Bxd5 cxd5 26. Rxd5 Kc6 27.
Rd1 Ra8 28. Bc3 Rgd8 29. Red2 Bc7 30. Rxd8 Bxd8 31. b4 Bb6 32. Be1 Rc8 33. c4
Bd4 34. Kf1 Kb6 35. Rc1 Bb2 36. Rc2 Ba3 37. Ke2 f5 38. f3 Ka6 39. Kd3 Rd8+ 40.
Ke3 Rc8 41. g4 g6 42. gxf5 gxf5 43. c5 Kb5 44. f4 e4 45. Kd4 e3 46. Kxe3 Re8+
47. Kf2 Re6 48. Re2 Rxe2+ 49. Kxe2 Bb2 50. Kd3 Bc1 51. Bd2 Bb2 52. Bc3 Bc1 53.
Be5 Ba3 54. Kd4 Bxb4 55. Bd6 Kc6 56. Ke5 Bd2 57. Kxf5 Kd7 58. Ke5 Kc6 59. f5
1-0

[Event "7MCR_4D_1L_2S"]
[Site "?"]
[Date "2006.??.??"]
[Round "?"]
[White "Vosahlik, Jiri"]
[Black "Jandovsky, Viktor"]
[Result "1-0"]
[WhiteElo "2328"]
[BlackElo "2268"]
[PlyCount "59"]
[EventDate "2006.??.??"]
[EventType "corr"]

1. e4 c5 2. Nf3 d6 3. d4 cxd4 4. Nxd4 Nf6 5. Nc3 a6 6. Be3 e5 7. Nb3 Be6 8. f3
Be7 9. Qd2 O-O 10. O-O-O Qc7 11. g4 Nbd7 12. g5 Nh5 13. Nd5 Bxd5 14. exd5 a5
15. Kb1 a4 16. Nc1 f6 17. g6 hxg6 18. Rg1 a3 19. b3 Kh7 20. Bb5 Nc5 21. Qg2 g5
22. h4 Kg8 23. Ne2 Ra5 24. hxg5 Rxb5 25. g6 Rc8 26. Rc1 Kf8 27. Rh1 Ke8 28.
Rxh5 Bf8 29. Rh8 Qd7 30. Qh1 1-0

[Event "7MCR_4D_1L_2S"]
[Site "?"]
[Date "2006.??.??"]
[Round "?"]
[White "Vosahlik, Jiri"]
[Black "Mikoska, Josef"]
[Result "1-0"]
[WhiteElo "2328"]
[BlackElo "2149"]
[PlyCount "139"]
[EventDate "2006.??.??"]
[EventType "corr"]

1. e4 e5 2. Nf3 Nc6 3. d4 exd4 4. Nxd4 Bc5 5. Be3 Qf6 6. c3 Nge7 7. Bc4 Ne5 8.
Be2 Qg6 9. O-O d6 10. f3 O-O 11. Nd2 d5 12. Kh1 Bb6 13. Bf4 f6 14. Bg3 Qf7 15.
a4 a5 16. Nb5 Kh8 17. c4 dxe4 18. Bxe5 fxe5 19. fxe4 Qg8 20. Qc2 c5 21. Rxf8
Qxf8 22. Rf1 Qd8 23. Qc3 Nc6 24. Nf3 Bg4 25. h3 Bxf3 26. Qxf3 Nd4 27. Qf2 Qe7
28. Nc3 Rg8 29. Nd5 Qd6 30. Bg4 Bd8 31. Qf7 Qc6 32. Bd7 Qd6 33. Kh2 b6 34. Rf2
Bh4 35. g3 Bd8 36. Kg2 Bg5 37. h4 Bd8 38. Bc8 Qc6 39. Bb7 Qd6 40. Rf1 Nc2 41.
Rf5 Nd4 42. Rf2 Ne6 43. Bc8 Nd4 44. Bg4 Qh6 45. Nc3 Qc6 46. Qd5 Qg6 47. Kh3 Bc7
48. Nb5 Bb8 49. Nxd4 exd4 50. e5 Qe8 51. e6 Rf8 52. Qd7 Bd6 53. Rf7 Qa8 54. Bf3
Rxf7 55. exf7 Qf8 56. Qf5 Qd8 57. h5 g6 58. hxg6 h6 59. Qe4 Qd7+ 60. Kg2 Qe7
61. Qa8+ Qf8 62. Qc6 Kg7 63. Be4 Qe7 64. Qe8 Qf8 65. Kf3 Bc7 66. Bd3 Bd8 67. g4
Be7 68. Kf4 Kf6 69. Bf5 Kg7 70. Ke5 1-0

[Event "7MCR_4D_1L_2S"]
[Site "?"]
[Date "2006.??.??"]
[Round "?"]
[White "Vosahlik, Jiri"]
[Black "Postl, Rostislav"]
[Result "1/2-1/2"]
[WhiteElo "2328"]
[BlackElo "2319"]
[PlyCount "107"]
[EventDate "2006.??.??"]
[EventType "corr"]

1. e4 e5 2. Nf3 Nc6 3. d4 exd4 4. Nxd4 Bc5 5. Be3 Qf6 6. c3 Nge7 7. Bc4 O-O 8.
O-O Bb6 9. Bb3 Na5 10. Bc2 Nc4 11. Qh5 Ng6 12. a4 d6 13. Bg5 Qe5 14. Nf3 Qe8
15. Nbd2 Be6 16. Nd4 Nxd2 17. Bxd2 Bc4 18. Rfe1 a5 19. f4 Qd7 20. f5 Ne5 21.
Re3 f6 22. Rh3 g6 23. Rg3 g5 24. Qh6 Kh8 25. Be3 Rad8 26. b3 Bg8 27. h4 g4 28.
Kh2 Qe7 29. Rf1 Ba7 30. Bc1 Bf7 31. Nf3 Rg8 32. Nxe5 dxe5 33. Ba3 c5 34. Rd1
Bb6 35. Rxd8 Qxd8 36. Rd3 Qe7 37. Kg3 Bc7 38. h5 Rg7 39. Qe3 b6 40. h6 Rg8 41.
Rd1 Bd6 42. Bc1 Qc7 43. c4 Be8 44. Qd2 Be7 45. Qd5 Qc8 46. Be3 Qc6 47. Rh1 Qc7
48. Rh4 Bc6 49. Qd1 Rd8 50. Qe2 Qd6 51. Rxg4 Bf8 52. Kf2 Be8 53. Rg3 Qd7 54.
Qg4 1/2-1/2

[Event "7MCR_4D_1L_2S"]
[Site "?"]
[Date "2006.??.??"]
[Round "?"]
[White "Vosahlik, Jiri"]
[Black "Pravec, Ladislav"]
[Result "1-0"]
[WhiteElo "2328"]
[BlackElo "2401"]
[PlyCount "147"]
[EventDate "2006.??.??"]
[EventType "corr"]

1. e4 c5 2. Nf3 Nc6 3. d4 cxd4 4. Nxd4 Nf6 5. Nc3 d6 6. Bg5 e6 7. Qd2 Be7 8.
O-O-O O-O 9. f4 h6 10. Bh4 e5 11. Nf5 Bxf5 12. exf5 exf4 13. Kb1 d5 14. Bxf6
Bxf6 15. Nxd5 Be5 16. Bc4 b5 17. Bxb5 Rb8 18. c4 Nd4 19. Rhe1 f6 20. Ba4 Nxf5
21. b3 Nd4 22. Nxf4 Qb6 23. Re4 Qa6 24. Kc1 Rfd8 25. Nd5 Ne6 26. Qe3 Kh8 27.
Rd2 Qb7 28. h4 Nc7 29. Nf4 Rxd2 30. Kxd2 Rd8+ 31. Kc1 Bc3 32. Nd5 Nxd5 33. Re8+
Rxe8 34. Qxe8+ Kh7 35. Qe4+ Kg8 36. cxd5 Be5 37. Kd1 Kf7 38. h5 Qe7 39. Ke2 Bd6
40. Kd3 Qe5 41. Bd7 Ke7 42. Bf5 Bc5 43. Kc4 Be3 44. Qxe5+ fxe5 45. b4 Kd6 46.
Kd3 Bd4 47. Ke4 Bc3 48. a3 Bb2 49. a4 Bc3 50. b5 Ba5 51. Bg4 Bc7 52. Bf3 Kd7
53. Kf5 Ke7 54. Kg6 Kf8 55. Be4 Kg8 56. g4 Kf8 57. Bf3 Kg8 58. g5 hxg5 59. Kxg5
Kf8 60. Kg6 Kg8 61. h6 gxh6 62. Kf6 Kf8 63. Ke6 e4 64. Bh5 Ba5 65. Kd7 e3 66.
d6 Bb6 67. Kc8 Ba5 68. Kb7 Bb6 69. Ka6 Bc5 70. a5 e2 71. Bxe2 Ke8 72. b6 axb6
73. Kb5 Bxd6 74. a6 1-0